| 000 | 01169cam a22002295a 4500 | ||
|---|---|---|---|
| 001 | L138142 | ||
| 008 | 070518e2005 xxk f 100 0 eng d | ||
| 035 | _a(Sirsi) u138142 | ||
| 041 | 0 | _aeng | |
| 100 | 1 | _aSusilawati, C. | |
| 245 | 0 | 0 |
_aPartnerships in affordable housing _bthe impact of conflicting investment criteria _h[electronic resource] |
| 260 | _c2005 | ||
| 490 | 0 |
_aCOBRA _v2005 |
|
| 520 | _aReports that accessibility to housing for lower income groups in Australia has been experiencing a severe decline in the last few years. Reports that the public sector has been reducing its commitment to the direct provision of public housing while market demand has strengthened, creating substantial price increases in all sectors of the housing market and in most urban centres. | ||
| 651 | 4 | _aAUSTRALIA | |
| 690 | _aPROPERTY-RESIDENTIAL PROPERTY | ||
| 700 | 1 | _aArmitage, L. | |
| 700 | 1 | _aSkitmore, M. | |
| 711 | 2 |
_aConstruction and Building Research Conference _cUniversity of Queensland, Brisbane _d4-5 July 2005 |
|
| 856 | 4 | 0 |
_uhttps://eprints.qut.edu.au/3936/1/3936.pdf _zView the item free of charge at eprints.qut.edu.au/3936/1/3936.pdf |
| 942 | _n0 | ||
| 999 |
_c107023 _d107023 |
||